MARC details
| 000 -LEADER |
| fixed length control field |
03986nam a22006854a 4500 |
| 001 - CONTROL NUMBER |
| control field |
ocn126230519 |
| 003 - CONTROL NUMBER IDENTIFIER |
| control field |
OCoLC |
| 005 - DATE AND TIME OF LATEST TRANSACTION |
| control field |
20200320182357.0 |
| 008 - FIXED-LENGTH DATA ELEMENTS--GENERAL INFORMATION |
| fixed length control field |
070510s2007 nyu 001 0 eng |
| 010 ## - LIBRARY OF CONGRESS CONTROL NUMBER |
| LC control number |
2007019847 |
| 019 ## - |
| -- |
144524501 |
| 020 ## - INTERNATIONAL STANDARD BOOK NUMBER |
| International Standard Book Number |
0743293029 |
| 020 ## - INTERNATIONAL STANDARD BOOK NUMBER |
| International Standard Book Number |
9780743293020 |
| 020 ## - INTERNATIONAL STANDARD BOOK NUMBER |
| Terms of availability |
14.00 |
| 029 1# - (OCLC) |
| OCLC library identifier |
NZ1 |
| System control number |
11386537 |
| 029 1# - (OCLC) |
| OCLC library identifier |
AU@ |
| System control number |
000041620113 |
| 035 ## - SYSTEM CONTROL NUMBER |
| System control number |
(OCoLC)126230519 |
| Canceled/invalid control number |
(OCoLC)144524501 |
| 040 ## - CATALOGING SOURCE |
| Original cataloging agency |
DLC |
| Transcribing agency |
DLC |
| Modifying agency |
BAKER |
| -- |
BTCTA |
| -- |
LNQ |
| -- |
BUR |
| -- |
YDXCP |
| -- |
VP@ |
| -- |
UPZ |
| -- |
WACOL |
| 041 1# - LANGUAGE CODE |
| Language code of text/sound track or separate title |
spa |
| Language code of original and/or intermediate translations of text |
eng |
| 043 ## - GEOGRAPHIC AREA CODE |
| Geographic area code |
n-mx--- |
| 049 ## - LOCAL HOLDINGS (OCLC) |
| Holding library |
WACL |
| 050 10 - LIBRARY OF CONGRESS CALL NUMBER |
| Classification number |
HV6535.M43 |
| Item number |
C586418 2007 |
| 082 00 - DEWEY DECIMAL CLASSIFICATION NUMBER |
| Classification number |
364.152/3097216 |
| Edition number |
22 |
| 092 ## - LOCALLY ASSIGNED DEWEY CALL NUMBER (OCLC) |
| Classification number |
364.1 |
| Item number |
Rod |
| 100 1# - MAIN ENTRY--PERSONAL NAME |
| Personal name |
Rodríguez, Teresa. |
| 9 (RLIN) |
5842721 |
| 240 10 - UNIFORM TITLE |
| Uniform title |
<a href="Daughters of Juárez.">Daughters of Juárez.</a> |
| Language of a work |
Spanish |
| 245 10 - TITLE STATEMENT |
| Title |
Hijas de Juárez : |
| Remainder of title |
un auténtico relato de asesinatos en serie al sur de la frontera / |
| Statement of responsibility, etc |
Teresa Rodríguez, en con la colaboración de Diana Montané y Lisa Pulitzer ; traducción de Vicente Echerri. |
| 260 ## - PUBLICATION, DISTRIBUTION, ETC. (IMPRINT) |
| Place of publication, distribution, etc |
New York : |
| Name of publisher, distributor, etc |
Atria Books, |
| Date of publication, distribution, etc |
c2007. |
| 300 ## - PHYSICAL DESCRIPTION |
| Extent |
xvii, 344 p. : |
| Dimensions |
22 cm. |
| 500 ## - GENERAL NOTE |
| General note |
Includes index. |
| 520 ## - SUMMARY, ETC. |
| Summary, etc |
Ciudad Juárez, México, queda en la frontera sur del Río Bravo, frente a El Paso, Texas. Por más de doce años, aquí se ha llevado a cabo un sinnúmero de crímenes atroces contra mujeres y niñas que incluyen secuestros, violaciones, mutilaciones y asesinatos. Según Amnistía Internacional, para 2006, se habían encontrado más de 400 cadáveres, sin contar centenares de desaparecidas. Muchos creen que las muertes se deben a la violencia e impunidad que imperan en la ciudad. Entre las teorías que se proponen están uno o varios asesinos en serie, los sacrificios en rituales satánicos, el poderoso cartel del narcotráfico de Juárez y hasta corruptos funcionarios mexicanos que encubren a los responsables. Este libro promete ser una reveladora obra literaria que revela no sólo la brutalidad tras estos sangrientos hechos, sino las violaciones de los derechos humanos de la mujer en México. --Desde la descripción de la editorial. |
| 650 #0 - SUBJECT ADDED ENTRY--TOPICAL TERM |
| Topical term or geographic name as entry element |
Serial murders |
| Geographic subdivision |
Mexico |
| -- |
Ciudad Juárez. |
| 9 (RLIN) |
5842722 |
| 650 #0 - SUBJECT ADDED ENTRY--TOPICAL TERM |
| Topical term or geographic name as entry element |
Murder |
| Geographic subdivision |
Mexico |
| -- |
Ciudad Juárez. |
| 9 (RLIN) |
5842723 |
| 650 #0 - SUBJECT ADDED ENTRY--TOPICAL TERM |
| Topical term or geographic name as entry element |
Women |
| General subdivision |
Crimes against |
| Geographic subdivision |
Mexico |
| -- |
Ciudad Juárez. |
| 9 (RLIN) |
5842724 |
| 650 #0 - SUBJECT ADDED ENTRY--TOPICAL TERM |
| Topical term or geographic name as entry element |
Women |
| General subdivision |
Violence against |
| Geographic subdivision |
Mexico |
| -- |
Ciudad Juárez. |
| 9 (RLIN) |
5842725 |
| 650 #0 - SUBJECT ADDED ENTRY--TOPICAL TERM |
| Topical term or geographic name as entry element |
Missing persons |
| Geographic subdivision |
Mexico |
| -- |
Ciudad Juárez. |
| 9 (RLIN) |
5842726 |
| 650 #0 - SUBJECT ADDED ENTRY--TOPICAL TERM |
| Topical term or geographic name as entry element |
Murder victims |
| Geographic subdivision |
Mexico |
| -- |
Ciudad Juárez. |
| 9 (RLIN) |
5842727 |
| 650 #0 - SUBJECT ADDED ENTRY--TOPICAL TERM |
| Topical term or geographic name as entry element |
Political corruption |
| Geographic subdivision |
Mexico |
| -- |
Ciudad Juárez. |
| 9 (RLIN) |
5842728 |
| 650 #0 - SUBJECT ADDED ENTRY--TOPICAL TERM |
| Topical term or geographic name as entry element |
Transnational crime |
| Geographic subdivision |
Mexico |
| -- |
Ciudad Juárez. |
| 9 (RLIN) |
5842729 |
| 650 #0 - SUBJECT ADDED ENTRY--TOPICAL TERM |
| Topical term or geographic name as entry element |
Criminal justice, Administration of |
| Geographic subdivision |
Mexico. |
| 9 (RLIN) |
5842730 |
| 651 #0 - SUBJECT ADDED ENTRY--GEOGRAPHIC NAME |
| Geographic name |
Ciudad Juárez (Mexico) |
| General subdivision |
Politics and government |
| Chronological subdivision |
20th century. |
| 9 (RLIN) |
5842731 |
| 650 #7 - SUBJECT ADDED ENTRY--TOPICAL TERM |
| Topical term or geographic name as entry element |
Asesinato |
| Geographic subdivision |
México |
| -- |
Ciudad Juárez. |
| Source of heading or term |
bidex |
| 9 (RLIN) |
5842732 |
| 650 #7 - SUBJECT ADDED ENTRY--TOPICAL TERM |
| Topical term or geographic name as entry element |
Mujeres |
| General subdivision |
Delitos contra las |
| Geographic subdivision |
México |
| -- |
Ciudad Juárez. |
| Source of heading or term |
bidex |
| 9 (RLIN) |
5842733 |
| 650 #7 - SUBJECT ADDED ENTRY--TOPICAL TERM |
| Topical term or geographic name as entry element |
Personas desaparacidas |
| Geographic subdivision |
México |
| -- |
Ciudad Juárez. |
| Source of heading or term |
bidex |
| 9 (RLIN) |
5842734 |
| 650 #7 - SUBJECT ADDED ENTRY--TOPICAL TERM |
| Topical term or geographic name as entry element |
Corrupción política |
| Geographic subdivision |
México |
| -- |
Ciudad Juárez. |
| Source of heading or term |
bidex |
| 9 (RLIN) |
5842735 |
| 650 #7 - SUBJECT ADDED ENTRY--TOPICAL TERM |
| Topical term or geographic name as entry element |
Justicia penal, Administración de la |
| Geographic subdivision |
México. |
| Source of heading or term |
bidex |
| 9 (RLIN) |
5842736 |
| 650 #7 - SUBJECT ADDED ENTRY--TOPICAL TERM |
| Topical term or geographic name as entry element |
Ciudad Juárez (México) |
| General subdivision |
Política |
| Chronological subdivision |
Siglo XX. |
| Source of heading or term |
bidex |
| 9 (RLIN) |
5842737 |
| 655 #7 - INDEX TERM--GENRE/FORM |
| Genre/form data or focus term |
Spanish language materials. |
| Source of term |
lcsh |
| 9 (RLIN) |
5842738 |
| 700 1# - ADDED ENTRY--PERSONAL NAME |
| Personal name |
Montané, Diana. |
| 9 (RLIN) |
5842739 |
| 700 1# - ADDED ENTRY--PERSONAL NAME |
| Personal name |
Pulitzer, Lisa Beth. |
| 9 (RLIN) |
5842740 |
| 856 41 - ELECTRONIC LOCATION AND ACCESS |
| Materials specified |
Table of contents only |
| Uniform Resource Identifier |
<a href="http://www.loc.gov/catdir/toc/ecip0717/2007019847.html">http://www.loc.gov/catdir/toc/ecip0717/2007019847.html</a> |
| 856 42 - ELECTRONIC LOCATION AND ACCESS |
| Materials specified |
Publisher description |
| Uniform Resource Identifier |
<a href="http://www.loc.gov/catdir/enhancements/fy0726/2007019847-d.html">http://www.loc.gov/catdir/enhancements/fy0726/2007019847-d.html</a> |
| 938 ## - |
| -- |
Baker & Taylor |
| -- |
BKTY |
| -- |
14.00 |
| -- |
10.50 |
| -- |
0743293029 |
| -- |
0006926910 |
| -- |
active |
| 938 ## - |
| -- |
Baker and Taylor |
| -- |
BTCP |
| -- |
BK0006926910 |
| 938 ## - |
| -- |
YBP Library Services |
| -- |
YANK |
| -- |
2638838 |
| 942 ## - ADDED ENTRY ELEMENTS (KOHA) |
| Koha item type |
BOOK |
| 948 ## - LOCAL PROCESSING INFORMATION (OCLC); SERIES PART DESIGNATOR (RLIN) |
| Series part designator, SPT (RLIN) |
04/23/2008 |
| z (OCLC) |
Sirsi |
| 994 ## - |
| -- |
02 |
| -- |
WACOL |
| 996 ## - |
| -- |
62110 |
| -- |
34301000722399 |
| -- |
SPNF |
| -- |
bk |
| -- |
wcl |
| -- |
i |
| -- |
13 |
| -- |
14.00 |
| -- |
Quality |
| -- |
364.1 Rod |
| -- |
04/23/2008 |
| -- |
09/24/2014 |
| -- |
09/24/2014 |